Ces personnalités ne sont pas nés en France ? - Mort Subite - Statistiques

Statistiques générales
  • Ce quiz a été pris 217 fois
  • Le résultat moyen est 4 sur 19
Answers on the Grid
Answers color-coded by a green-red scale on the quiz's grid according to % correct below.
Adele Exarchopoulos
Agnès Varda
Arielle Dombasle
Arthur
Aya Nakamura
Carla Bruni
Cecile De France
Charlotte Gainsbourg
Claude François
Emma Mackey
Emma Watson
Eva Green
Florent Pagny
Jean-Luc Mélanchon
Jean-Pierre Bacri
Karim Benzema
Léa Salamé
Lio
Mika
Nabilla
Nagui
Nikola Karabatic
Nikos
Panayotis Pascot
Patricia Kaas
Patrick Bruel
Segolène Royal
Tony Parker
Virignie Efira
Vitaa
Yseult
Zinedine Zidane
 
Statistiques - réponses
Réponse % Correct
Liban Mika
38%
Italie Carla Bruni
37%
Egypte Claude François
37%
Egypte Nagui
31%
Maroc Arthur
28%
Mali Aya Nakamura
26%
Maroc Jean-Luc Mélanchon
26%
Etats-Unis Arielle Dombasle
25%
Belgique Virignie Efira
24%
Belgique Cecile De France
22%
Portugal Lio
22%
Algerie Patrick Bruel
18%
Liban Léa Salamé
15%
Belgique Agnès Varda
13%
Belgique Tony Parker
12%
Royaume-Uni Charlotte Gainsbourg
11%
Serbie Nikola Karabatic
9%
Senegal Segolène Royal
9%
Algerie Jean-Pierre Bacri
6%
Aucun quiz correspondant
Distribution des résultats
% des personnes avec chaque résultat
Percentile par nombre de réponses
Votre historique - résultats
Vous n’avez pas pris ce quiz